000 01060cam a2200313I 4500
001 37977
005 20230410142342.0
008 900119s1965 mx 000 0 spa d
035 _a(OCoLC)ocm20924413
040 _aBKL
_cSER
_dCST
035 _a(OCoLC)20924413
041 1 _aspa
_heng
043 _ae-gx---
050 1 4 _aBX 1536
_bL678i 1965
049 _aGRAL
100 1 _aLewy, Guenter,
_d1923-
240 1 0 _aCatholic Church and Nazi Germany.
_lSpanish
245 1 3 _aLa iglesia católica y la Alemania nazi /
_cGuenter Lewy ; versión española de Agustin Gil.
250 _a1. ed. en español.
260 _aMéxico, D.F. :
_bEditorial Grijalbo,
_c1965.
300 _axvi, 510 p. ;
_c20 cm.
490 0 _aColección norte
500 _aTranslation of: The Catholic Church and Nazi Germany.
610 2 0 _aCatholic Church
_zGermany
_xHistory
_y20th century.
650 0 _aChurch and state
_zGermany
_xCatholic Church
_xHistory
_y20th century.
650 0 _aChurch and state
_zGermany
_xHistory
_y1933-1945.
942 _2lcc
_cbk
994 _aC0
_bLTN
999 _c94111
_d94111